000 00734nam a2200217Ii 4500
003 JO-AjNU
008 230605s9999||||xx |||||||||||||| ||und||
020 _a978-2-7451-0829-6 / 2-7451-0829-8
040 _aJO-AjNU
_bara
_erda
_cJO-AjNU
041 _aara
050 1 4 _aPJ7700.J27.A17 2009
100 3 _aشرحه وكتب هوامشه ناصر الدين،مهدي محمد,
_eauthor
_933682
245 0 0 _aديوان جميل بثينة
250 _aط3
264 3 1 _aبيروت:دار الكتب العلمية،2009
300 _a104ص
336 _atext
_btxt
_2rdacontent
337 _aunmediated
_bn
_2rdamedia
338 _avolume
_bnc
_2rdacarrier
650 4 _a الشعر العربي - العصر الأموي
_933683
999 _aA13734
_c17302
_d17302